| 000 | 01619cam a2200181 4500 | ||
|---|---|---|---|
| 001 | ##L132043 | ||
| 008 | 051221n2003 000 0 eng u | ||
| 035 | _a(Sirsi) u132043 | ||
| 041 | 0 | _aeng | |
| 100 | 1 | _aKing, Stephen | |
| 100 | 1 | _aGreen, D.R. | |
| 245 | 0 | 0 | _aApplication of remote sensing, GIS and internet to coastal zone management |
| 260 |
_aLondon _bRICS _c2003 |
||
| 520 | _aThe proposed research will help clarify the need for a better understanding of technological applications in environmental management and to stimulate awareness of the role a national 'Information Architecture' could play in a coordinated ICZM strategy in the UK. Objective: to develop an operational Geographic Desision Support, Processing and Dissemination System (GDSPDS) to deliver remotely sensed and GIS data and information to coastal managers in a form that is both usable and applicable to the range of issues that concern them (inlcuding monitoring, mapping, sustainable development, coastal defence, protection, conservation, leisure, recreation, development, hazard management etc.) to utilise Internet/Intranet/Extranet technology as both a catalyst and mechanism to facilitate developing a coordinated and consistent approach to CZM between LAs and other agencies and bodies by development of a data catalogue which can be used a a coastal zone management focal point or 'portal', and; to develop a flagship demonstrator project system using the Solway Firth as an example. | ||
| 520 | _aThis item is no longer available. | ||
| 690 | _aENVIRONMENTAL AND LAND CONSULTANCY-ENVIRONMENTAL MANAGEMENT | ||
| 942 | _n0 | ||
| 999 |
_c104986 _d104986 |
||